| 000 | 00822nam a2200229 i 4500 | ||
|---|---|---|---|
| 001 | bg | ||
| 245 | 0 | 0 |
_aKultura dominująca jako kultura obca : _bmniejszości kulturowe a grupa dominująca w Polsce / _cred. nauk. Janusz Mucha. |
| 260 |
_aWarszawa : _b"Oficyna Naukowa", _c1999. |
||
| 300 |
_a269 s. ; _c23 cm. |
||
| 504 | _aBibliogr. | ||
| 650 | 9 |
_aMniejszości narodowe _zPolska _yod 1989 r. |
|
| 651 | 9 |
_aPolska _xkultura _xsocjologia _yod 1989 r. |
|
| 700 | 1 |
_aMUCHA, Janusz. _eRed. |
|
| 020 | _a838550589X | ||
| 040 | _cBPK | ||
| 041 | 0 | _apol | |
| 080 | _a316.347:316.7](438)"1989/..." | ||
| 920 | _a83-85505-89-X | ||
| 942 | _cKS | ||
| 008 | s pl f |000 0 pol | ||
| 999 |
_c43410 _d43410 |
||
| 856 |
_uhttp://koha.tu.koszalin.pl/cgi-bin/koha/opac-detail.pl?biblionumber=43410 _yKatalog online BPK |
||